LEADER 01626nam a2200349 u 4500 001 000000012938 003 CaOOAMICUS 005 20070226105609.0 008 940517s19921993it u000 u ita u 020 $a8878600628 (v. 1) 020 $a8878600857 (v. 2) 035 $a10310061 040 $aPUL(R)$bita$dPUL(R) 245 03$aLa religione degli europei /. 260 $aTorino :$bFondazione Giovanni Agnelli,$c1992-1993. 300 $a2 v. : ;$c21 cm 490 1 $aStudi e ricerche 500 $aContiene indice. 504 $aComprende indicazioni bibliografiche. 505 0 $av. 1: fede, cultura religiosa e modernit&.I in Francia, Italia, Spagna, Gran Bretagna, Germania e Ungheria -- v. 2: Un dibattito su religione e modernità nell'Europa di fine secolo. 651 4$aEuropa$xReligione.$0(OLS)http://pul/subject/7087 830 0$aStudi e ricerche.$0(OLS)http://pul/title/18720 850 $aPUL 852 $aPUL$W1$xDP1 Cons. Gen., Altre Classi 1$y22$m45 P 19-20$j18250$nBK-PRI$b $qStampati$B18250$CPULBib$Z2$F18250 $H $81 852 $aPUL$W1$xDP1 Cons. Gen., Altre Classi 1$y22$m45 P 19-20$j18250$nBK-PRI$b $qStampati$B18251$CPULBib$Z2$F18251 $H $81 941 1 $a8 961 $aINV: 69973, 71836 961 $aINV: 69973, 71836 996 $6020$a8878600628 (v. 1)$9(OLS)http://pul/number/16583 996 $6020$a8878600857 (v. 2)$9(OLS)http://pul/number/16584 996 $6245$aLa religione degli europei$9(OLS)http://pul/title/18719 996 $6260$aTorino :$bFondazione Giovanni Agnelli$9(OLS)http://pul/publisher/51898 LEADER 01069nam a2200253 u 4500 001 000000089338 003 CaOOAMICUS 005 20070226124615.0 008 051118s1954 it adf u000 u ita u 035 $a11069341 040 $aPUL(R)$bita 100 1 $aDe Toni, Giovanni,$d1895-$0(OLS)http://pul/name/57912 245 12$aL'accrescimento umano :$belementi di auxologia /$cdi Giovanni De Toni. 260 $a[Brescia] :$bLa Scuola,$c1954. 300 $a241 p. :$bill., diagr. ;$c22 cm +$e1 fasc 490 1 $aL'età evolutiva 650 4$aPsicologia dell'età evolutiva.$0(OLS)http://pul/subject/3402 650 4$aAuxologia.$0(OLS)http://pul/subject/29298 830 2$aL'età evolutiva.$0(OLS)http://pul/title/7521 850 $aPUL 852 $aPUL$W1$xDP1 Fondo Pastorale$y55$mP10 B 12$j112971$nBK-PRI$b $qFondi$B112971$CPULBib$Z2$F112971 $HPUL30 $81 941 1 $a1 996 $6245$aL'accrescimento umano :$belementi di auxologia$9(OLS)http://pul/title/115376 996 $6260$a[Brescia] :$bLa Scuola$9(OLS)http://pul/publisher/47876